Elektronické služby pošty a dostupnosť služieb e-finance vo vybraných európskych krajinách
Implementácia poštových elektronických služieb, ktorej hlavným cieľom je maximalizácia spokojnosti zákazníka. Trendy v oblasti elektronizácie poštových služieb a reakcia na požiadavky trhu.
Saved in:
| Main Author: | |
|---|---|
| Other Authors: | |
| Format: | Book Chapter |
| Language: | Slovak |
| Subjects: | |
| Tags: |
No Tags, Be the first to tag this record!
|
MARC
| LEADER | 00000naa a2200000 4500 | ||
|---|---|---|---|
| 001 | 0168751 | ||
| 005 | 20231207075148.5 | ||
| 041 | 0 | |a slo | |
| 044 | |a SK | ||
| 245 | 1 | 0 | |a Elektronické služby pošty a dostupnosť služieb e-finance vo vybraných európskych krajinách |c Iveta Kremeňová, Bystrík Nemček |
| 520 | |a Implementácia poštových elektronických služieb, ktorej hlavným cieľom je maximalizácia spokojnosti zákazníka. Trendy v oblasti elektronizácie poštových služieb a reakcia na požiadavky trhu. | ||
| 610 | 2 | 0 | |a pošty |
| 610 | 2 | 0 | |a služby poštové |
| 610 | 2 | 0 | |a prevádzka poštová |
| 610 | 2 | 0 | |a digitalizácia |
| 610 | 2 | 0 | |a elektronizácia |
| 610 | 2 | 0 | |a technológie komunikačné |
| 610 | 2 | 0 | |a technológie informačné |
| 100 | 1 | |a Kremeňová, Iveta | |
| 700 | 1 | |a Nemček, Bystrík | |